01013cam a22002774a 4500001000500000005001700005020001800022040002300040050002200063082001400085100001800099245011600117250005700233260003500290300005700325505000800382520008000390521002100470521002000491650007100511650006300582650001600645650003400661650002200695700001800717318020240215155010.0 a9780439598712 aDLCcDLCdDLCbeng00aTL540.C546b 200200a629.130921 aGrimes, Nikki10aTalkin' about Bessie :bthe story of aviator Elizabeth Coleman /cby Grmes, Nikki ; illustrated by Lewis, E.B. aFirst Scholastic paperback printing , September 2003 aNew York :bScholastic, c2002 a45 unnumbered pages :bcolor illustrations ;c32 cm. aZ  aA biography of the woman who became the first licensed Afro-American pilot. a1030 bLexile  aZ bRaz-Plus  0aAfrican American women air pilotsvAnecdotesvJuvenile literature. 0aAir pilotszUnited StatesvAnecdotesvJuvenile literature. 1aAir pilots. 1aAfrican AmericansvBiography. 1aWomenvBiography.1 aLewis, Earl B